000 002480000a22000970004500
100 1 _aSahinidou, Ioanna
245 1 0 _aAnd finally he arrived in Greece
300 _aVol. 49, Num. 1 & 2 (1999), Páginas 56-65
773 0 _tReformed World
942 _cANA
999 _c55564
_d55564